00242nam a2200109Ia 4500008004100000100001300041245001600054260002800070300000900098942000800107999001700115190216s9999||||xx |||||||||||||| ||und|| aGoel J P 0aIit Physics bRajhans Press Pubc1994 a750p cREF c36195d36195